| 000 | 00366nam a22001577a 4500 | ||
|---|---|---|---|
| 003 | SGT | ||
| 020 | _a978-8178558332 | ||
| 082 |
_a610 _bT20C |
||
| 100 | _aCHUGH SN | ||
| 245 | _aTextbook Of Clinical Medicine For Dental Student | ||
| 250 | _a5TH | ||
| 260 |
_aNEW DELHI _bARYA PUBLISHER _c2020 |
||
| 300 | _a1-629 | ||
| 650 | _aMEDICINE | ||
| 942 |
_2ddc _cBK _0131 |
||
| 999 |
_c20833 _d20833 |
||